| 000 | 00835nam a2200169 a 4500 | ||
|---|---|---|---|
| 008 | 150220s1988 xx |||||||||||||| || u | ||
| 050 | _aGOV.ZAM(02)1988/1A | ||
| 100 | _aPlanning Division, Ministry of Agriculture and Water Development | ||
| 245 | 1 | 0 |
_aCorrigenda to chapter VII: Agriculture, Forestry and Fisheries _cby Ministry of Agriculture and Water Development |
| 260 |
_a _bMinistry of Agriculture and water Development _c1988 |
||
| 300 | _a20p.:ill. | ||
| 650 | _aFISHERIES MANAGEMENT--ZAMBIA | ||
| 650 | _aAGRICULTURE | ||
| 650 | _aFORESTRY | ||
| 995 |
_aSPECIAL COLLECTIONS _e1820 _FCBU-MAIN LIBRARY (Kitwe) _jGOV.ZAM(02)1988/1A _M1 _UAVAILABLE _WFeb 20, 2015 _yB1820 _ZZambiana Collection |
||
| 995 |
_aSPECIAL COLLECTIONS _e1822 _FCBU-MAIN LIBRARY (Kitwe) _jGOV.ZAM(02)1988/1B _M2 _UAVAILABLE _WFeb 20, 2015 _yB1822 _ZZambiana Collection |
||
| 999 |
_c62535 _d62535 |
||